| 000 | 01398nam a2200337 i 4500 | ||
|---|---|---|---|
| 999 |
_c65514 _d65514 |
||
| 001 | 768714001 | ||
| 003 | CO-MdFUSB | ||
| 005 | 20200827140326.0 | ||
| 007 | ta | ||
| 008 | 200325t1991 -usa|||| |||| 00| 0 eng d | ||
| 020 | _a9780060611743 | ||
| 040 |
_aCO-MdFUSB _bspa _cCO-MdFUSB _dCO-MdFUSBC _erda |
||
| 041 | _aeng | ||
| 082 |
_222 _a252.051 _bB928 |
||
| 100 |
_aBuechner, Frederick. _eautor |
||
| 242 | 3 | _aLa magnifica derrota | |
| 245 | 4 |
_aThe Magnificent Defeat _c/ Frederick Buechner |
|
| 264 | 1 |
_aEstados Unidos : _bHarper San Francisco, _c[1991] |
|
| 264 | 4 | _c© 1991 | |
| 300 |
_a144 páginas _c; 24 cm |
||
| 336 |
_2rdacontent _atexto _btxt |
||
| 337 |
_2rdamedia _asin mediación _bn |
||
| 338 |
_2rdacarrier _avolumen _bnc |
||
| 500 | _aColección Dawn Christina Harrell | ||
| 505 | _aEl desafío de rendirse -La magnífica derrota - En el principio - El poder de Dios y el poder del hombre - Las dos batallas - Mensaje en las estrellas - Viaje en busca de un alma - El triunfo del amor - La anunciación - El nacimiento - El fin es la vida - El camino a Emaús - El tigre - Sígueme -El yo en Ti - El misterio y milagro de la gracia - El aliento de vida - Ser santo - La ruptura del silencio - Convertirse en niños - Los milagros a la mano. | ||
| 563 | _aRústico | ||
| 650 | 7 |
_9283 _aSermones |
|
| 942 | _cBK | ||
| 945 |
_aJTF-925 _bAEM-53 |
||